Planets of the Solar System in Different European Languages - Statistics

General Stats
  • This quiz has been taken 713 times
  • The average score is 38 of 80
Answer Stats
Answer % Correct
French Mars
97%
German Mars
97%
Polish Mars
97%
Dutch Mars
97%
Latin Mars
97%
Hungarian Mars
97%
German Saturn
97%
Polish Saturn
97%
Polish Uran
97%
French Vénus
97%
German Venus
97%
Spanish Venus
97%
Dutch Venus
97%
Latin Venus
97%
German Neptun
96%
Polish Neptun
96%
French Jupiter
95%
German Jupiter
95%
Spanish Júpiter
95%
Dutch Jupiter
95%
Hungarian Jupiter
95%
French Uranus
93%
German Uranus
93%
Dutch Uranus
93%
Latin Uranus
93%
French Neptune
81%
Latin Terra
68%
Italian Terra
68%
French Terre
55%
French Mercure
52%
French Saturne
52%
Spanish Saturno
51%
Italian Saturno
51%
Spanish Mercurio
50%
Italian Mercurio
50%
Spanish Urano
48%
Italian Urano
48%
Spanish Neptuno
47%
German Merkur
46%
Hungarian Merkúr
46%
Dutch Saturnus
39%
Latin Saturnus
39%
Dutch Neptunus
38%
Latin Neptunus
38%
Spanish Tierra
38%
Dutch Mercurius
37%
Latin Mercurius
37%
German Erde
35%
Spanish Marte
29%
Italian Marte
29%
Latin Iuppiter
18%
Dutch Aarde
17%
Italian Nettuno
14%
Polish Merkury
13%
Polish Wenus
13%
Latvian Urāns
11%
Latvian Jupiters
10%
Italian Venere
10%
Italian Giove
9%
Latvian Saturns
9%
Latvian Venera
9%
Latvian Marss
8%
Latvian Neptūns
8%
Polish Ziemia
8%
Polish Jowisz
7%
Latvian Merkurs
7%
Hungarian Vénusz
7%
Hungarian Uránusz
6%
Latvian Zeme
6%
Hungarian Neptunusz
5%
Hungarian Szaturnusz
5%
Hungarian Föld
4%
Welsh Iau
3%
Welsh Mawrth
3%
Welsh Daear
2%
Welsh Gwener
2%
Welsh Mercher
2%
Welsh Neifion
2%
Welsh Sadwrn
2%
Welsh Wranws
2%
No matching quizzes found
Score Distribution
Percent of People with Each Score
Percentile by Number Answered
Your Score History
You have not taken this quiz